000 00249nam a22001217a 4500
008 180104b xxu||||| |||| 00| 0 eng d
041 _aeng
080 _a53
100 _a48
101 _aFIZ
245 _aACOUSTICS
_cWILLIAM.W.S
942 _2udc
_cBK
999 _c39776
_d39776